000 00715nam a22002177a 4500
008 160622b xxu||||| |||| 00| 0 eng d
020 _a0-13-206711-0
082 _22008
_aDC 621.395
_bM31l
100 _910327
_aMano, M. Morris.
245 _aLogic and computer design fundamentals/
_cM. Morris Mano, Charles R. Kime.
250 _aFourth Edition.
260 _aNew Jersey :
_bPearson Prentice Hall,
_cc2008.
300 _a696 pages:
_billustrations;
_c23 cm.
500 _aIncludes index.
650 0 _910328
_aElectronic digital computers
_xCircuits
650 0 _910329
_aLogic circuits
650 0 _910330
_aLogic design
700 _910331
_aKime, Charles R.
365 _b10,425.00
_cPhp
942 _2ddc
_cDC
999 _c3095
_d3095